000 00584cam a22002057a 4500
001 001494
003 armpunfd
005 20140612090641.0
008 040527e0####xx#a##########000#0#und#d
040 _aarmpunfd
_carmpunfd
080 _a351.83 AI 27
100 1 0 _a Aiello, Salvador
245 1 0 _aRemuneracion por viaticos
260 _a Isario : Editorial Velez Sarsfield
_b1989. Isbn : 950-9733-06-7
650 7 _a Derecho Laboral
_2LEMB
650 7 _a Remuneracion Por Viaticos
_2LEMB
650 7 _a Viaticos
_2LEMB
942 _cLB
_2cdu
945 _aCatalis
_d2010-08-19
999 _c1485
_d231989